000 00500nam a2200217Ia 4500
003 OSt
005 20221005122107.0
006 a|||||r|||| 00| 0
007 ta
008 221004b |||||||| |||| 00| 0 guj d
024 _a40800
037 _cTextual
040 _aCRL
_cCRL
_bguj
041 _2guj
_aguj
082 _aO156:g, K5
245 0 _aInner Life
260 _c1965
650 _aGUJRATI LITERATURE
942 _hO156:g, K5
_cTEXL
_2cc
999 _c1043235
_d1043235